Statistiques concernant Vocabulaire Japonais JLPT5

Cliquez ici pour prendre le quiz!

Statistiques générales

  • Ce quiz a été pris 2 939 fois
  • Le résultat moyen est 8 sur 20

Statistiques - réponses

kanaJaponaisFrançais% Correct
かわいい可愛いadorable|mignon
100%
カメラカメラappareil photo
100%
くる来る [五段]arriver|venir
100%
さようなら左様ならau revoir|adieu
100%
まえavant|auparavant
100%
はしbaguette
100%
あおbleu |(le)|vert |(le)
100%
のむ飲む [五段]boire
100%
かんじ漢字caractères chinois|kanji
100%
ことし今年cette année
100%
あつい暑いchaud |(temps météo.)
100%
たばこ煙草cigarette|tabac
100%
クラスクラスclasse
100%
じゅぎょう授業cours|classe
100%
すみません済みませんdésolé|excusez moi
100%
deux
100%
ふたり二人deux personnes
100%
ところendroit|lieu
100%
はいる入る [五段]entrer|pénétrer
100%
えいが映画film
100%
はなfleur
100%
フォークフォークfourchette
100%
おとこのこ男の子garçon
100%
グラムグラムgramme
100%
おにいさんお兄さんgrand-frère |(polie)
100%
たかい高いhaut|cher
100%
じかん時間heure|temps
100%
ひらがな平仮名hiragana |(un des syllabaires japonais)
100%
あしjambe
100%
あそこ彼処là-bas |(loin du locuteur et de l'interlocuteur)
100%
にほんご日本語langue japonaise
100%
やさい野菜légume
100%
わるい悪いmauvais|méprisable
100%
おかあさんお母さんmère |(polie)
100%
せんmille
100%
おんがく音楽musique|mouvement |(musique)
100%
きゅう・くneuf
100%
ここのか九日neuvième jour du mois|9 jours
100%
くろい黒いnoir
100%
たべもの食べ物nourriture
100%
とりoiseau
100%
どこ何所où ?
100%
はいはいoui
100%
あめpluie
100%
さかな・うおpoisson
100%
はるprintemps
100%
せんしゅう先週semaine dernière
100%
らいしゅう来週semaine prochaine
100%
おねがいしますお願いしますs'il vous plaît
100%
ろくsix
100%
スポーツスポーツsport
100%
タクシータクシーtaxi
100%
にくviande
100%
えんyen
100%
やまmontagne|mont
91%
のみもの飲み物boisson
90%
あさmatin
90%
コートコートmanteau|veste|court |(de tennis|de basket…)
89%
いらっしゃいませいらっしゃいませbienvenue |(dans notre magasin|notre restaurant)
88%
わたしje|mon|moi |(neutre)
88%
パンパンpain
88%
さけalcool|sake
86%
ともだち友達ami|compagnon
86%
おかねお金argent|monnaie
86%
こんばんは今晩はbonsoir
86%
おんなのこ女の子fille
86%
おおきい大きいgrand|large
86%
heure |(comme dans : 6h du matin|18h…)
86%
いいえ, いえnon
86%
いぬchien
83%
ものchose|objet
83%
ごめんなさいご免なさいdésolé|excusez moi
83%
きく聞く [五段]écouter|entendre|demander
83%
ふゆhiver
83%
はちhuit
83%
ほんlivre
83%
どうもどうもmerci
83%
おとうさんお父さんpère |(polie)
83%
いちun
83%
ほんとうに本当にvraiment|réellement
83%
いく・ゆく行く [五段]saller
80%
しろい白いblanc
80%
つくえbureau |(meuble)
80%
こんばん今晩ce soir
80%
わかる分かる [五段]comprendre|être au courant|connaitre |(une langue)
80%
あした明日demain
80%
みずeau
80%
えきgare
80%
もくようび木曜日jeudi
80%
うみmer
80%
なまえ名前nom
80%
ドアドアporte |(style occidental)
80%
かす貸す [五段]prêter
80%
しつもん質問question|demande de renseignement
80%
ラジオラジオradio
80%
はやい速いrapide |(vitesse)|véloce
80%
あかい赤いrouge
80%
でんわ電話téléphone
80%
テレビテレビtélévision
80%
おちゃお茶thé
80%
ひとつ一つun
80%
おなかお腹ventre|estomac
80%
ふるい古いvieux|âgé
80%
てがみ手紙lettre
78%
アパートアパートappartement
75%
あさって明後日après-demain
75%
さよならさよならau revoir
75%
きれい奇麗・綺麗beau|propre|joli|clair
75%
としょかん図書館bibliothèque |(bâtiment)
75%
コーヒーコーヒーcafé
75%
あの彼のce |(loin du locuteur et de l'interlocuteur)
75%
じゅう・とおdix
75%
でんき電気électricité|lumière électrique
75%
どうぞよろしくどうぞ宜しくenchanté|je compte sur vous
75%
あねgrande-soeur
75%
にわjardin
75%
わたくしje|mon|moi |(formel)
75%
しんぶん新聞journal |(papier)
75%
およぐ泳ぐ [五段]nager
75%
ゆきneige
75%
ちいさい小さいpetit
75%
たのしい楽しいplaisant|amusant
75%
どうして如何してpourquoi ?
75%
せんせい先生professeur|enseignant
75%
はやい早いrapide |(temps)|diligent
75%
かばんsac|cartable
75%
ななつ七つsept
75%
トイレトイレtoilettes
75%
しごと仕事travail|emploi
75%
さんtrois
75%
いちにち一日un jour
75%
じてんしゃ自転車vélo
75%
みる見る・観る・視る [一段]voir
75%
おいしい美味しいbon|délicieux
71%
バスバスbus
71%
ノートノートcalepin|cahier|note
71%
cinq
71%
したdessous
71%
さむい寒いfroid |(temps météo.)
71%
ここ此所ici |(proche du locuteur)
71%
よむ読む [五段]lire
71%
げつようび月曜日lundi
71%
いちばん一番meilleur|le premier|le numéro 1
71%
si|quand|et|avec
71%
テストテストtest|essai
71%
ふたつ二つdeux
70%
arbre|bois |(la matière)
67%
かねargent|monnaie
67%
ちず地図carte|plan
67%
この此のce |(proche du locuteur)
67%
そらciel
67%
いくつ幾つcombien ? |(quantité)
67%
ナイフナイフcouteau
67%
dent
67%
いたい痛いdouloureux
67%
こども子供enfant
67%
おくる送る [五段]envoyer|expédier|accompagner une personne
67%
なつété
67%
がくせい学生étudiant
67%
ひだりgauche
67%
おじいさんお爺さんgrand-père |(polie)
67%
もしもしもしもしhallo |(au téléphone)
67%
びょういん病院hôpital
67%
ホテルホテルhôtel
67%
きいろ黄色jaune
67%
かたかな片仮名katakana |(un des syllabaires japonais)
67%
ゆっくりゆっくりlentement|tranquillement
67%
うち家・内maison |(sa)|chez soi
67%
たべる食べる [一段]manger
67%
くすりmédicament
67%
ははmère
67%
おじさん伯父さん・叔父さんoncle |(polie)
67%
みみoreille
67%
あける開ける・明ける [一段]ouvrir
67%
ちちpère
67%
どようび土曜日samedi
67%
しおsel
67%
ななsept
67%
やすむ休む [五段]se reposer|être absent|prendre un congé
67%
ふく吹く [五段]souffler |(vent)
67%
まがる曲がる [五段]tourner|se courber|se plier
67%
まいあさ毎朝tous les matins
67%
みなさん皆さんtout le monde
67%
でんしゃ電車train
67%
あなた貴方tu|toi|ton |(neutre)
67%
すこし少しun peu
67%
やすみ休みvacances|congé|repos
67%
main
64%
ぎんこう銀行banque
63%
シャワーシャワーdouche
63%
にし西ouest
63%
とりにく鶏肉poulet
63%
でぐち出口sortie
63%
あたたかい温かい・暖かいtiède|chaud
63%
かいもの買い物achats|courses
60%
だいすき大好きadorable|adoré
60%
でんきをつける電気を点けるallumer la lumière
60%
こんにちは今日はbonjour |(l'après-midi)
60%
おはようございますお早う御座いますbonjour |(le matin)
60%
そとdehors|extérieur|à l'air libre
60%
にちようび日曜日dimanche
60%
ではではdonc|alors|et bien
60%
もうもうencore|plus|déjà
60%
まどfenêtre
60%
おわる終わる [五段]finir
60%
つめたい冷たいglacé |(au toucher)|froid
60%
ギターギターguitare
60%
おとこhomme
60%
ベッドベッドlit
60%
oeil
60%
たまごoeuf
60%
ええええoui|en effet|c'est cela
60%
くにpays|région|province
60%
あさごはん朝ご飯petit-déjeuner
60%
セーターセーターpull
60%
かわ川・河rivière|cours d'eau
60%
もつ持つ [五段]tenir|porter|posséder
60%
みっつ三つtrois
60%
おやすみなさいお休みなさいbonne nuit
57%
しずか静かcalme
57%
くつchaussures
57%
いくら幾らcombien ? |(prix)
57%
いしゃ医者docteur|médecin
57%
みぎdroite
57%
おばあさんお婆さんgrand-mère |(polie)
57%
やっつ八つhuit
57%
けっこん結婚mariage
57%
ズボンズボンpantalon
57%
もんporte
57%
しゃしんをとる写真を撮るprendre une photo
57%
あかrouge |(le)
57%
まいにち毎日tous les jours
57%
うたchanson|chant
56%
ついたち一日premier jour du mois|1 jour
56%
だれqui ?|quelqu'un
56%
やさしい優しいfacile|simple|gentil
55%
きょう・こんにち今日aujourd'hui
50%
あきautomne
50%
ある有る [五段]avoir|posséder
50%
たてもの建物bâtiment
50%
たくさん沢山beaucoup
50%
おべんとうお弁当bentô|panier-repas japonais
50%
あおい青い・蒼いbleu|vert|inexpérimenté
50%
くちbouche|ouverture
50%
カレンダーカレンダーcalendrier
50%
それ其れceci |(proche de l'interlocuteur)
50%
ひゃくcent
50%
こんしゅう今週cette semaine
50%
うたう歌う [五段]chanter
50%
いつつ五つcinq
50%
えんぴつ鉛筆crayon
50%
ときどき時々de temps en temps|parfois
50%
きらい嫌いdétesté
50%
まんdix-mille
50%
あげる上げる [一段]donner
50%
じょうず上手doué|bon
50%
がっこう学校école
50%
かりる借りる [一段]emprunter|louer
50%
べんきょう勉強études|travail
50%
かぞく家族famille
50%
おんなfemme
50%
パーティーパーティーfête
50%
フィルムフィルムfilm
50%
ときheure|temps|moment
50%
どういたしましてどう致しましてil n'y a pas de quoi|de rien
50%
image|dessin
50%
ニュースニュースinformations
50%
おもしろい面白いintéressant
50%
きいろい黄色いjaune
50%
わかい若いjeune
50%
だけjuste|seulement
50%
キロメートルキロメートルkilomètre
50%
そこ其処là |(proche de l'interlocuteur)
50%
あらう洗う [五段]laver
50%
すいようび水曜日mercredi
50%
ひるmidi
50%
とけい時計montre|horloge|réveil
50%
ここのつ九つneuf
50%
きたnord
50%
はなす話す [五段]parler
50%
いもうとpetite-soeur
50%
やすい安いpeu cher|bon marché|calme|paisible
50%
あしpied
50%
ポケットポケットpoche
50%
もんだい問題problème|sujet à traiter|question
50%
よっつ四つquatre
50%
quatre
50%
よっか四日quatrième jour du mois|4 jours
50%
なん・なにque|quoi ?
50%
どなた何方qui ? |(poli)
50%
レストランレストランrestaurant
50%
ざっし雑誌revue|magazine
50%
きょうしつ教室salle de classe
50%
きっさてん喫茶店salon de thé|café |(lieux)
50%
すわる座る [五段]s'asseoir
50%
しゅうかん週間semaine
50%
さんぽする散歩するse promener
50%
だす出す [五段]sortir|partir
50%
よく克くsouvent
50%
ボールペンボールペンstylo-bille
50%
さとう砂糖sucre
50%
つぎsuivant
50%
テーブルテーブルtable
50%
ひく引く [五段]tirer|attirer |(l'attention|l'intérêt...)|tracer |(une droite|un trait)
50%
まいとし・まいねん毎年・毎年tous les ans
50%
ひとり一人une personne
50%
ひとつき一月un mois
50%
つかう使う [五段]utiliser|employer|dépenser |(de l'argent|du temps)|parler |(une langue)
50%
かぜvent
50%
くるまvoiture|automobile
50%
あぶない危ないdangereux
44%
する為るfaire
44%
スカートスカートjupe
44%
いっしゅうかん一週間une semaine
44%
かう買う [五段]acheter
43%
たんじょうび誕生日anniversaire
43%
エレベーターエレベーターascenseur
43%
うえdessus
43%
すむ住む [五段]habiter
43%
あそぶ遊ぶ [五段]jouer
43%
どうもありがとうございますどうも有難う御座いますmerci beaucoup
43%
わすれる忘れる [一段]oublier
43%
いい・よい良いplaisant|agréable|bien
43%
とる取る [五段]prendre|emporter
43%
とる撮る [五段]prendre |(une photographie)
43%
れいぞうこ冷蔵庫réfrigérateur
43%
いろcouleur
42%
まいつき毎月tous les mois
42%
にぎやか賑やかanimé |(en parlant d'une ville|d'une rue…)
40%
あとaprès
40%
ほんだな本棚bibliothèque |(rangement)
40%
よく好くbien|adroitement
40%
もちろん勿論bien sûr|évidemment
40%
ゆうめい有名célèbre
40%
えいがかん映画館cinéma |(bâtiment)
40%
かぎclé
40%
みじかい短いcourt
40%
はじめ初めdébut
40%
とおか十日dixième jour du mois|10 jours
40%
かく書く [五段]écrire
40%
いりぐち入り口entrée
40%
くらい・ぐらいくらい・ぐらいenviron
40%
べんきょうする勉強するétudier
40%
しつれいします失礼しますexcusez-moi
40%
つよい強いfort|puissant
40%
あたらしい新しいnouveau
40%
おとうとpetit-frère
40%
いしpierre|roc
40%
でかける出かける [一段]sortir|partir
40%
こうちゃ紅茶thé noir
40%
はたらく働く [五段]travailler
40%
ぎゅうにく牛肉viande de boeuf
40%
れいzéro
40%
たいしかん大使館ambassade
38%
スプーンスプーンcuillère
38%
ひとêtre humain|une personne
38%
メートルメートルmètre
38%
へた下手pas doué|mauvais
38%
ゼロゼロzéro
38%
どうぶつ動物animal
33%
ごご午後après-midi
33%
ひこうき飛行機avion
33%
いす椅子chaise
33%
くつした靴下chaussettes
33%
しる知る [五段]connaître|savoir
33%
ネクタイネクタイcravate
33%
じしょ辞書dictionnaire
33%
レコードレコードdisque |(de musique)|record
33%
あまい甘いdoux|délicieux|sucré
33%
またencore
33%
かいしゃ会社entreprise
33%
はんet demie
33%
ならう習う [五段]étudier|apprendre |(de quelqu'un)
33%
つくる作る・創る・造る [五段]faire|créer|réaliser|construire|fabriquer
33%
しめる閉める [一段]fermer
33%
すう吸う [五段]fumer|respirer|inhaler
33%
おねえさんお姉さんgrande-soeur |(polie)
33%
あにgrand-frère
33%
きのう昨日hier
33%
かるい軽いléger|mineur|peu sérieux
33%
ながい長いlong
33%
みせmagasin
33%
いまmaintenant
33%
しかし併しmais|cependant|pourtant|toutefois
33%
びょうき病気malade
33%
マッチマッチmatch|allumette
33%
てんき天気météo|temps
33%
はんぶん半分moitié
33%
スリッパスリッパpantoufle
33%
かみpapier
33%
りょうしん両親parents |(père et mère)
33%
りょうり料理plat|cuisine
33%
となりproche|voisin
33%
だんだん段々progressivement|petit à petit
33%
でる出る [一段]quitter|sortir
33%
あう会う・遭う [五段]rencontrer|voir |(une personne)
33%
まるい円いrond|circulaire
33%
なのか七日septième jour du mois|7 jours
33%
おきる起きる [一段]se réveiller|se lever
33%
ペンペンstylo
33%
あたまtête
33%
きっぷ切符ticket|billet
33%
まいしゅう毎週toutes les semaines
33%
こえvoix
33%
まつ待つ [五段]attendre
30%
もっともっとplus
30%
しょうゆ醤油sauce soja
30%
かおvisage
30%
どう如何comment ?|de quelle manière ?
29%
なる成る [五段]devenir|se changer en|être composé de|être constitué de
29%
しつれいしました失礼しましたexcusez-moi|je suis désolé
29%
やさしい易しいfacile|simple
29%
あるく歩く [五段]marcher
29%
ちかてつ地下鉄métro
29%
しぬ死ぬ [五段]mourir
29%
はなnez
29%
ページページpage
29%
どうぞどうぞs'il vous plaît
29%
いつも何時もtoujours|à chaque fois|jamais |(+négatif)
29%
ふくvêtements
29%
ならべる並べる [一段]aligner
25%
さいans |(pour l'âge)
25%
おととい・いっさくじつ一昨日avant-hier
25%
すき好きbeaucoup aimé|adoré
25%
あめbonbon|sucrerie
25%
これceci |(proche du locuteur)
25%
けさ今朝ce matin
25%
デパートデパートcentre commercial
25%
いつか五日cinquième jour du mois|5 jours
25%
はしる走る [五段]courir
25%
はじめ始めdébut|départ|origine
25%
うしろ後ろderrière
25%
おりる降りる [一段]descendre |(d'une montagne|un bus...)
25%
げんき元気énergique|en bonne santé
25%
おしえる教える [一段]enseigner|instruire
25%
あつい厚いépais|lourd
25%
のぼる登る・上る・昇る [五段]escalader|grimper|gravir|se lever |(le soleil)
25%
いけétang
25%
ある在る [五段]être|se trouver|exister
25%
れんしゅうする練習するfaire des exercices|s'entraîner
25%
くだもの果物fruit
25%
いれる入れる [一段]introduire|mettre dedans|insérer|préparer |(du thé|du café)
25%
あそび遊びjeu
25%
ぎゅうにゅう牛乳lait de vache
25%
めがね眼鏡lunette
25%
くろnoir |(le)
25%
よる・よnuit
25%
プールプールpiscine
25%
せっけん石鹸savon
25%
ふつか二日second jour du mois|2 jours
25%
ならぶ並ぶ [五段]se mettre en rangs|faire la queue|rivaliser|égaler
25%
おぼえる覚える [一段]se souvenir
25%
きって切手timbre
25%
おてあらいお手洗いtoilettes
25%
コップコップverre |(contenu)
25%
まち町・街ville|quartier
25%
りょこう旅行voyage
25%
ひくい低いbas|faible |(température|rang|degré…)
22%
さらいねん再来年dans deux ans
22%
けす消す [五段]éteindre |(un appareil|un feu)|effacer|supprimer
22%
みなみsud
22%
なかà l'intérieur de|parmi
20%
ねんannées|compteur pour les années
20%
さらassiette
20%
はれ晴れbeau temps|temps clair
20%
バターバターbeurre
20%
その其のce |(proche de l'interlocuteur)
20%
よこcôté |(d'un boîte|d'un bâtiment...)
20%
たのむ頼む [五段]demander
20%
まえdevant|avant
20%
じびき字引dictionnaire
20%
きる着る [一段]enfiler un vêtement sur les épaules|s'habiller
20%
ふうとう封筒enveloppe
20%
かない家内épouse |(la nôtre)
20%
かいだん階段escaliers
20%
せまい狭いétroit|exigu|petit
20%
せんたくする洗濯するfaire la lessive
20%
さく咲く [五段]fleurir|éclore
20%
すずしい涼しいfrais
20%
ようか八日huitième jour du mois|8 jours
20%
えいご英語langue anglaise
20%
テープレコーダーテープレコーダーmagnétophone
20%
いえmaison
20%
かようび火曜日mardi
20%
まだ・いまだ未だpas encore |(+négatif)|encore |(+positif)
20%
べんり便利pratique|utile
20%
かかる掛かる [五段]prendre |(du temps|de l'argent)|être accroché|être suspendu|être couvert |(par une assurance|un contrat…)
20%
どんなどんなquel genre ?
20%
こたえる答える [一段]répondre
20%
しまる閉まる [五段]se fermer
20%
たつ立つ [五段]se lever|être érigé|être levé|tenir debout
20%
いみ意味signification|sens
20%
おとな大人adulte|grande personne
17%
けっこう結構bien|merveilleux
17%
あれceci |(loin du locuteur et de l'interlocuteur)
17%
ふとい太いgros|épais
17%
げんかん玄関hall d'entrée|vestibule
17%
おなじ同じidentique|égal
17%
たいせつ大切important
17%
せんたく洗濯lessive
17%
ごぜん午前matin
17%
いそがしい忙しいoccupé
17%
さす差す [五段]ouvrir |(un parapluie)
17%
こうえん公園parc public|jardin public
17%
さきprécédent|antérieur
17%
あびる浴びる [一段]prendre une douche|prendre un bain|se dorer au soleil
17%
むっつ六つsix
17%
むいか六日sixième jour du mois|6 jours
17%
こんげつ今月ce mois-ci
14%
シャツシャツchemise|chemisier
14%
かどcoin |(d'une rue|d'un trottoir…)|rebord|bord
14%
きえる消える [一段]disparaître|s'éteindre|s'effacer
14%
れんしゅう練習exercice
14%
にちjour du mois|compteur pour les jours du mois
14%
うまれる生まれる [一段]naître
14%
がいこく外国pays étranger
14%
どの何のquel ?
14%
とまる・とどまる止まる・留まる [五段]rester |(au même endroit)|stopper|s'arrêter|demeurer|être limité à|s'établir
14%
あいさつする挨拶するsaluer
14%
けっこんする結婚するse marier
14%
きょねん去年année dernière
13%
ゆうびんきょく郵便局bureau de poste
13%
せんげつ先月mois dernier
13%
おす押す [五段]pousser|presser
13%
はれる晴れる [一段]s'éclaircir|s'ensoleiller
13%
はつか二十日vingtième jour du mois|20 jours
11%
どれ何れlequel ?
10%
きっさ喫茶salon de thé
9%
かける掛ける [一段]accrocher|porter |(des lunettes...)|appeler |(au téléphone)|prendre|dépenser |(de l'argent|du temps)
0%
ああ嗚呼ah !|oh !|hey!
0%
つける点ける [一段]allumer |(la lumière|une cigarette…)
0%
らいねん来年année prochaine
0%
またまたà plus tard
0%
よぶ呼ぶ [五段]appeler
0%
つく着く [五段]arriver|atteindre
0%
じゅうà travers|partout dans|partout en
0%
しめる締める [一段]attacher
0%
いる要る [五段]avoir besoin|nécessiter
0%
にもつ荷物bagage|paquet
0%
テープテープbande magnétique|cassette audio
0%
とても迚もbeaucoup|extrêmement
0%
あのあのbien|donc...
0%
はこboite
0%
ちゃわん茶碗bol à riz|tasse à thé
0%
じょうぶ丈夫bonne santé|forme
0%
てんboutique de|magasin de
0%
ボタンボタンbouton
0%
はがき葉書carte postale
0%
こちら此方ce côté-ci |(proche du locuteur)
0%
あちら彼方ce côté-là |(loin du locuteur et de l'interlocuteur)
0%
あっち彼方ce côté-là |(loin du locuteur et de l'interlocuteur)
0%
はいざら灰皿cendrier
0%
けっこうです結構ですc'est OK|raisonnable|ça me convient
0%
こんなこんなcette sorte de
0%
へや部屋chambre
0%
なく鳴く [五段]chanter |(oiseau)|aboyer|miauler|grogner |(pangolin)...
0%
ぼうし帽子chapeau
0%
ずつずつchaque
0%
ストーブストーブchauffage
0%
みちchemin
0%
ワイシャツワイシャツchemise
0%
うちで内でchez soi
0%
あかるい明るいclair
0%
つきあかり月明かりclair de lune
0%
はる張る [五段]coller|fixer
0%
なんcombien |(+ compteur) ?
0%
さくぶん作文composition|essai |(écrit)|rédaction
0%
compteur des numéros d'ordre |(suffixe en -ième comme dans deuxième)
0%
かいcompteur pour le nombre de fois
0%
かげつヶ月・箇月compteur pour le nombre de mois
0%
だいcompteur pour le nombre de voitures
0%
かいcompteur pour les étages
0%
さつcompteur pour les livres
0%
まいcompteur pour les objets plats comme des feuilles
0%
ほんcompteur pour les objets ronds et longs
0%
compteur pour les occurrences|le nombre de fois
0%
にんcompteur pour les personnes
0%
ひきcompteur pour les petits animaux
0%
せびろ背広costume d'affaire
0%
へんcôté |(d'un triangle par ex.)|les alentours
0%
きる切る [五段]couper
0%
だいどころ台所cuisine
0%
それでわ其れではdans ce cas|alors|donc
0%
degré |(angle|température...)
0%
むこう向こうde l'autre côté
0%
こちらこそこちらこそde même
0%
いや嫌・否désagréable|déplaisant
0%
ほしい欲しいdésiré|voulu
0%
しゅくだい宿題devoir à la maison
0%
たいてい大抵d'habitude|en général
0%
むずかしい難しいdifficile
0%
ばんごはん晩ご飯dîner|repas du soir
0%
いう言う [五段]dire
0%
はなしdiscours|conversation
0%
そのほかその他divers
0%
ほかdivers|autre
0%
いろいろ色々divers|variés
0%
まっすぐ真っ直ぐdroit devant|en face
0%
せいと生徒élève
0%
ぬぐ脱ぐ [五段]enlever |(des habits)|se déshabiller
0%
つまらない詰まらないennuyeux|peu intéressant
0%
いっしょ一緒ensemble
0%
それから其れからensuite|après|depuis lors
0%
からい辛いépicé
0%
おくさん奥さんépouse |(d'un autre)
0%
ひがしest
0%
などetc|et cetera
0%
そうして然うしてet ensuite|et après
0%
がいこくじん外国人étranger
0%
おいでになるお出でになる [五段]être|arriver |(poli)
0%
できる出来る [一段]être capable de faire|être fait
0%
はじまる始まる [五段]être commencé
0%
ちがう違う [五段]être différent
0%
つかれる疲れる [一段]être fatigué
0%
こまる困る [五段]être gêné|être embarrassé
0%
りゅうがくせい留学生étudiant venant de l'étranger
0%
あんまり・あまり余りexcès|trop plein|surplus
0%
やる遣る [五段]faire
0%
つとめる努める [一段]faire des efforts|s'appliquer|travailler
0%
そうじする掃除するfaire le ménage
0%
かてい家庭famille |(sa)|maison |(sa)
0%
ほそい細いfin|ténu
0%
おおぜい大勢foule
0%
きょうだい兄弟frères et soeurs |(d'une même famille)|frères
0%
おかしお菓子gâteau|confiserie
0%
はじめまして始めましてheureux de faire votre connaissance
0%
すぐに直ぐにimmédiatement
0%
ひく引く [五段]jouer d'un instrument à corde|dessiner |(ligne)
0%
ちょうど丁度juste|exact
0%
ちょっと一寸juste une minute|un petit peu|un instant|un moment
0%
キログラムキログラムkilogramme
0%
おととし・いっさくねん一昨年l'année avant l'année dernière|il y a 2 ans
0%
ひろい広いlarge|vaste
0%
おそい遅いlent
0%
とおい遠いlong|distant
0%
おもい重いlourd|massif
0%
りっぱ立派magnifique|splendide|impressionnant
0%
でもでもmais|cependant
0%
うわぎ上着manteau|veste
0%
やおや八百屋maraîcher|marchand de fruits et légumes
0%
ごしゅじんご主人mari |(de quelqu'un) |(polie)
0%
たちmarque du pluriel|suffixe pour le pluriel
0%
ちゃいろ茶色marron
0%
ちゃいろ茶色marron clair
0%
ごちそうさまでしたご馳走様でしたmerci pour ce repas |(après avoir mangé)
0%
いただきます戴きますmerci pour ce repas |(expression de gratitude avant de commencer à manger)
0%
うすい薄いmince|pâle |(pour une couleur)
0%
ふんminute
0%
がつmois de l'année
0%
らいげつ来月mois prochain
0%
のる乗る [五段]monter |(dans un véhicule)|prendre |(un train)|embarquer |(dans un avion|un bateau)
0%
みせる見せる [一段]montrer|afficher|laisser montrer
0%
ことば言葉mot|langage|phrase|parole
0%
ハンカチハンカチmouchoir
0%
くもり曇りnuageux
0%
ばんごう番号numéro
0%
かさparapluie
0%
たつ発つ [五段]partir |(en train|en avion…)
0%
あまり余りpas tellement |(+négatif)
0%
ちゅうpendant
0%
かたpersonne |(poli)
0%
こうばん交番petit poste de police
0%
まずい不味いpeu appétisant|sans goût
0%
たぶん多分peut-être
0%
しゃしん写真photographie
0%
ぶんしょう文章phrase|style d'écriture|texte
0%
おまわりさんお巡りさんpolicier |(désigné de manière amicale)
0%
みがく磨く [五段]polir|nettoyer|faire briller
0%
はしpont
0%
ぶたにく豚肉porc
0%
porte coulissante
0%
はく穿く・履く [五段]porter des vêtements en dessous de la taille
0%
かぶる被る [五段]porter quelque chose sur la tête|être recouvert |(d'eau|de poussière…)|supporter |(un défaut|un manque…)
0%
おげんきでお元気でportez-vous bien|prends soin de toi
0%
おく置く [五段]poser
0%
しつもんする質問するposer une question
0%
はじめて初めてpour la première fois
0%
ご・おpréfixe honorifique
0%
そばproche de|à côté de
0%
ちかい近いproche |(en distance)|près
0%
さんぽ散歩promenade|balade
0%
ごめんくださいご免下さいpuis-je rentrer ? |(dans la maison de quelqu'un d'autre)
0%
いつ何時quand ?
0%
どちら何方quel côté ?
0%
だれか誰かquelqu'un
0%
ひまqui a du temps libre
0%
ない無いqui n'existe pas|qui n'est pas là|qui n'est pas possédé
0%
だいじょうぶ大丈夫qui va bien|sans problème
0%
わたす渡す [五段]remettre|livrer|transmettre
0%
ひるごはん昼ご飯repas de midi
0%
かえす返す [五段]retourner|renvoyer quelque chose
0%
かぜ風邪rhume
0%
ごはんご飯riz cuit|repas
0%
まるい丸いrond|circulaire
0%
ひきrouleau de tissu
0%
きたない汚いsale
0%
しょくどう食堂salle à manger
0%
ねる寝る [一段]se coucher|aller dormir
0%
たいへん大変sérieux|grave|important|immense|énorme
0%
じぶん自分soi-même|elle-même|lui-même
0%
ゆうがた夕方soir|soirée
0%
ばんsoir|soirée
0%
くらい暗いsombre
0%
あく開く [五段]s'ouvrir
0%
まんねんひつ万年筆stylo-plume
0%
さんさんsuffixe pour les noms |(Mme|Mr)
0%
だいsupport|socle|table
0%
せいtaille |(hauteur d'une personne)
0%
おば伯母・叔母tante
0%
おばさん伯母さん・叔母さんtante |(polie)
0%
ふる降る [五段]tomber |(neige|pluie|grêle...)
0%
ぜんぶ全部totalement|en entier
0%
まいばん毎晩tous les soirs
0%
わたる渡る [五段]traverser
0%
みっか三日troisième jour du mois|3 jours
0%
だいがく大学université
0%
なつやすみ夏休みvacances d'été
0%
かびん花瓶vase
0%
じどうしゃ自動車véhicule
0%
うる売る [五段]vendre
0%
きんようび金曜日vendredi
0%
ころ・ごろころ・ごろvers |(pour l'heure)
0%
ようふく洋服vêtements occidentaux
0%
はたち二十歳vingt ans |(être âgé de)
0%
ちかく近くvoisinage|environ
0%
とぶ飛ぶ・跳ぶ [五段]voler|s'envoler|bondir
0%
りょこうする旅行するvoyager
0%
ほんとう本当vrai|véritable
0%

Distribution des résultats

Percentile par nombre de réponses

% des personnes avec chaque résultat

Votre développement - résultats

Vous n’avez pas pris ce quiz